000 01751nam a22002297a 4500
999 _c57175
_d57175
003 Ge_BSU
005 20191220111744.0
008 191220s2006 ||||| |||| 00| 0 geo d
041 _ageo
080 _a811.353.1-84(072-19) ს -16
245 _aსავარჯიშოების კრებული :
_bარაქართულიენოვანი სკოლების ქართული ენის მასწავლებელთათვის /
_cრედ. კახა გაბუნია ; სავარჯ.მუშ. თამარ ჯაყელი ; მაია ინასარიძე ; მაია მელიქაძე და სხვ..
264 _aთბილისი :
_bსაიმედო,
_c2006.
300 _a130 გვ .:
_cილ .;
_b28 სმ.
653 _aქართული ენა
653 _aქართული ენა მასწავლებლებთათვის
700 _aგაბუნია, კახა
_eრედაქტორი
_94175
700 _aჯაყელი, მარიამ
_eსავარჯიშოზე მუშაობდა
_95865
700 _aინასარიძე, მაია
_eსავარჯიშოზე მუშაობდა
_95866
700 _aმიქელაძე, მაია
_eსავარჯიშოზე მუშაობდა
_95867
710 _eსაქართველოს განათლებისა და მეცნიერების სამინისტრო ეუთოს ეროვნულ უმცირესობათა უმაღლესი კომისრის ოფისი
_95868
942 _2udc
_cBK